Statistics for LONG.LIVE.A$AP Tracklist (A$AP Rocky)

Click here to take the quiz!

General Stats

  • This quiz has been taken 3 times
  • The average score is 9 of 17

Answer Stats

HintAnswer% Correct
91Train
(feat. Kendrick Lamar, Joey Bada$$, Yelawolf, Danny Brown, Action Bronson & Big K.R.I.T.)
100%
1Long Live A$AP
100%
4LVL
100%
15Angels
67%
7F**kin' Problems
(feat. Drake, 2Chainz & Kendrick Lamar)
67%
6Pain
(feat. OverDoz.)
67%
11Phoenix
67%
3PMW (All I Really Need)
(Feat. ScHoolboy Q)
67%
10Fashion Killa
33%
14Ghetto Symphony
(feat. Gunplay & A$AP Ferg)
33%
2Goldie
33%
5Hell
(feat. Santigod)
33%
16I Come Apart
(feat. Florence Welch)
33%
13Jodye
33%
17Purple Swag REMIX
(feat. Bun B, Paul Wall & Killa Kyleon)
33%
12Suddenly
33%
8Wild For The Night
(feat. Skrillex & Birdy Nam Nam)
33%

Score Distribution

Percentile by Number Answered

Percent of People with Each Score

Your Score History

You have not taken this quiz